Title in the Lyrics -- Songs That Start With M - Statistics

General Stats
  • This quiz has been taken 1,065 times
  • The average score is 7 of 15
Answer Stats
Lyrics Title % Correct
My _________ brings all the boys to the yard / And they're like / It's better than yours Milkshake
82%
__ _____, __ _____, __ _____ / My lovely lady lumps My Humps
77%
I'm starting with the ___ __ ___ ______ / I'm asking him to change his ways Man in the Mirror
69%
_____ ___, here I go again / My my, how can I resist you? Mamma Mia
64%
___ _______, bring me a dream / (Bung, bung, bung bung) / Make him the cutest that I've ever seen Mr. Sandman
59%
You got me beggin' you for _____ (yeah, yeah, yeah) / Why won't you release me (yeah yeah yeah) Mercy
53%
Once more you open the door / And you're here in my heart / And __ _____ ____ __ __ and on My Heart Will Go On
49%
I guess you'd say / What can make me feel this way? / __ ____ My Girl
43%
Koo-koo-ka-choo, ____ ________ / Jesus loves you more than you will know Mrs. Robinson
42%
Someday I'll be living in a big ol' city / And all you're ever gonna be is ____ Mean
41%
Take me by the tongue / And I'll know you (Uh) / Kiss me 'til you're drunk / And I'll show you / All the _____ ____ ______ Moves Like Jagger
41%
Now look at them yo-yo's that's the way you do it / You play the guitar on the MTV / That ain't workin' that's the way you do it / _____ ___ _______ and chicks for free Money For Nothing
35%
Well, you don't know what we can find / Why don't you come with me little girl / On a _____ ______ ____ Magic Carpet Ride
27%
But try to understand, try to understand / Try try try to understand / He's a _____ ___, mama Magic Man
19%
What happened to ____ ___________? / No more the need to be defensive / Goodbye, old you / When love is true Miss Independent
4%
No matching quizzes found
Score Distribution
Percent of People with Each Score
Percentile by Number Answered
Your Score History
You have not taken this quiz